00756nam a22002057a 4500999001900000005001700019010001300036020002500049035001300074037000900087082001600096100002300112245004500135260004100180270008100221300003300302500004100335942003000376952014400406 c178492d17849220210401122441.0 aB-738687 a9788123760421c60.00 aB-738687 bGift a338.6340954 aParikh, Geetanjali aHistory of khadi /cby Geetanjali Parikh aNew DelhibNational Book Trustc2011 aNehru Bhawan, 5 Institutional Area, Phase-II, Vasant KunjbNew Delhie110070 aviii, 90p.:bill.c21cm(pbk) aincludes bibliographical references  2ddccENh338.6340954mPAR 001040708NFICaLbLd2021-04-01eGift/Eng/26-02-2021g60.00l0o338.6340954 PARpB-738687r2021-04-01 00:00:00t1v60.00w2021-04-01yEN